MARC

LEADER 00000nas a2200000 a 4500
001 ssj0000438
003 WaSeSS
005 20200512172242.0
006 m d
007 cr n
008 010417c19829999ilumr pss 0 a0eng
010 |a  2012247786 
022 |a 0735-0732  |l 0735-0732  |y 0735-0732 
035 |a (WaSeSS)ssj0000438 
037 |b Order Desk, Subscription Dept., HFMA, 1900 Spring Rd., Oak Brook, IL 60521 
040 |a DLM  |b eng  |c DLM  |d OCLCQ  |d PFM  |d OCLCQ  |d OCLCF  |d OCLCO  |d OCLCQ  |d Z5A  |d OCLCO  |d LIP  |d OCLCO  |d XFH  |d OCLCO  |d OCLCA  |d U3W  |d OCLCO  |d AU@  |d OCLCO  |d WYU  |d OCLCO  |d OCLCA  |d VT2  |d OCLCO  |d OCLCA  |d WaSeSS 
042 |a pcc 
050 4 |a HF5686.H7  |b A48 
130 0 |a Healthcare financial management (Online) 
245 1 0 |a Healthcare financial management  |h [electronic resource]. 
246 1 7 |a HFM 
246 3 |a Health care financial management 
260 |a [Oak Brook, Ill.] :  |b The Association,  |c [©1982- 
310 |a Monthly 
362 1 |a Print began with vol. 36, no. 6 (June 1982). 
500 |a "Journal of the Healthcare Financial Management Association." 
506 |a License restrictions may limit access. 
538 |a Mode of access: World Wide Web. 
580 |a Vols. for June 1982- include: Updata, Vol. 12, no. 6 (June 1982)- 
588 |a Description based on print version record. 
588 |a Latest issue consulted: Vol. 66, issue 9 (Sept. 2012) (EBSCOhost Web site, viewed Sept. 25, 2012). 
650 0 |a Hospitals  |x Accounting  |v Periodicals. 
650 0 |a Hospitals  |x Administration  |v Periodicals. 
650 0 |a Hospitals  |x Finance  |v Periodicals. 
650 7 |a Hospitals  |x Accounting.  |2 fast  |0 (OCoLC)fst00961168 
650 7 |a Hospitals  |x Administration.  |2 fast  |0 (OCoLC)fst00961176 
650 7 |a Hospitals  |x Finance.  |2 fast  |0 (OCoLC)fst00961321 
650 2 |a Delivery of Health Care  |x economics. 
650 2 |a Financial Management. 
655 0 |a Electronic journals. 
710 2 |a Healthcare Financial Management Association (U.S.) 
770 0 |t HFMA buyers' guide 
770 0 |t HFM resource guide 
776 1 |t Healthcare financial management +x 0735-0732  |w (DLC) 83642646  |w (OCoLC)8504366 
777 1 |t Updata 
780 0 0 |t Hospital financial management  |x 0018-5639  |w (OCoLC)732916917 
856 4 0 |z Full text available from Research Library: 12/01/1987 to present  |u https://search.proquest.com/publication/37738